[Event "C.to Cittadino La Lupa"]
[Site "Roma ITA"]
[Date "2011.05.16"]
[Round "3"]
[White "Casella, Carlo"]
[Black "Cannavo', Giuseppe"]
[Result "1-0"]
[WhiteElo "1704"]
[BlackElo "1272"]
[PlyCount "77"]
[EventDate "2011.05.05"]

1. e4 Nc6 2. d4 d5 3. e5 e6 4. Nf3 h6 5. c3 Nge7 6. Bd3 b6 7. Qc2 Nf5 8. Bf4
Bd7 9. Nbd2 Na5 10. h3 Nh4 11. Nxh4 Qxh4 12. Bg3 Qg5 13. Nf3 Qd8 14. O-O Be7
15. Nd2 Qc8 16. Qd1 Qb7 17. f4 f5 18. Qh5+ Kd8 19. Qf7 Rh7 20. Qg6 Rh8 21. Qxg7
Re8 22. Qxh6 c5 23. Qh5 c4 24. Bc2 Kc7 25. Qd1 Rg8 26. Rf3 Raf8 27. Bf2 Rh8 28.
Qe1 Rf7 29. Rg3 Qb8 30. Nf3 Bc6 31. Ng5 Bxg5 32. Rxg5 Rg8 33. Bh4 Bd7 34. Rxg8
Qxg8 35. Bg5 Qg6 36. Bd1 Rh7 37. h4 Be8 38. Qg3 Qg8 39. Bd8+ 1-0

[Event "C.to Cittadino La Lupa"]
[Site "Roma ITA"]
[Date "2011.05.16"]
[Round "3"]
[White "Condemi De Felice, Alfonso"]
[Black "Prudenzano, Ruggero"]
[Result "1/2-1/2"]
[WhiteElo "1883"]
[BlackElo "1928"]
[PlyCount "117"]
[EventDate "2011.05.05"]

1. d4 Nf6 2. Nf3 c5 3. d5 e6 4. c4 b5 5. dxe6 fxe6 6. e3 bxc4 7. Bxc4 d5 8.
Bb5+ Bd7 9. Bxd7+ Nbxd7 10. O-O Bd6 11. b3 O-O 12. Bb2 Rb8 13. Nc3 Qe7 14. Qe2
Ng4 15. h3 Nge5 16. Nxe5 Nxe5 17. f4 Ng6 18. Rad1 Nh4 19. e4 d4 20. e5 Bc7 21.
Ne4 Nf5 22. Bc1 Bb6 23. Rd3 Qc7 24. g4 Ne3 25. Bxe3 dxe3 26. Nd6 Rbd8 27. Nc4
Rd4 28. Qxe3 Qc6 29. Qf3 Qd7 30. Rfd1 Rfxf4 31. Qxf4 Rxd3 32. Rf1 Qd4+ 33. Qxd4
cxd4 34. Nxb6 axb6 35. Kg2 Re3 36. Rd1 Rxe5 37. Rxd4 Re2+ 38. Kf3 Rxa2 39. Rd6
b5 40. Rb6 Kf7 41. Rxb5 Rh2 42. Kg3 Rb2 43. h4 Kf6 44. b4 Rb1 45. h5 Rg1+ 46.
Kf3 g5 47. Rb7 Rf1+ 48. Kg2 Rb1 49. b5 Rb2+ 50. Kf3 Rb3+ 51. Kf2 Rb4 52. Kf3 h6
53. b6 Ke5 54. Rh7 Rb3+ 55. Kf2 Kf4 56. Rxh6 Rxb6 57. Rf6+ Kxg4 58. h6 Rb2+ 59.
Ke3 1/2-1/2

[Event "C.to Cittadino La Lupa"]
[Site "Roma ITA"]
[Date "2011.05.16"]
[Round "3"]
[White "Crucioli, Marco"]
[Black "Castellano, Lorenzo"]
[Result "0-1"]
[WhiteElo "1616"]
[BlackElo "1871"]
[PlyCount "59"]
[EventDate "2011.05.05"]

1. e4 c5 2. d3 Nc6 3. Ne2 g6 4. Ng3 Bg7 5. c3 Nf6 6. Be2 d6 7. O-O h5 8. Na3
Ng4 9. f3 Nf6 10. Bg5 Qb6 11. Nc4 Qc7 12. a4 d5 13. Bxf6 Bxf6 14. exd5 Ne5 15.
Qe1 Nxc4 16. dxc4 Be5 17. f4 Bxf4 18. Qf2 g5 19. Rfd1 h4 20. Nf1 g4 21. g3 hxg3
22. hxg3 Bd6 23. Bd3 Bd7 24. Bf5 O-O-O 25. Bxd7+ Qxd7 26. Ne3 Rh3 27. Nf5 Rf8
28. Nxd6+ Qxd6 29. Kf1 Rh1+ 30. Ke2 0-1

[Event "C.to Cittadino La Lupa"]
[Site "Roma ITA"]
[Date "2011.05.16"]
[Round "3"]
[White "Di Carlo, Adriano"]
[Black "Andreozzi, Paolo"]
[Result "0-1"]
[WhiteElo "1713"]
[BlackElo "1713"]
[PlyCount "76"]
[EventDate "2011.05.05"]

1. e4 c5 2. c3 e6 3. d4 cxd4 4. cxd4 d6 5. Nf3 a6 6. Nc3 Nf6 7. Qb3 Be7 8. Be2
O-O 9. g4 Nc6 10. Be3 Na5 11. Qc2 Nxg4 12. Bd2 b5 13. Rg1 f5 14. exf5 exf5 15.
Nd5 Nb7 16. Qd3 Bd7 17. Nxe7+ Qxe7 18. h3 Nf6 19. Ng5 Rae8 20. Be3 d5 21. Nf3
Nd6 22. b3 Nde4 23. Ne5 Rc8 24. Bd2 Nxd2 25. Kxd2 Qb4+ 26. Kd1 Rc3 27. Qd2 Ne4
28. Qf4 Qxd4+ 29. Ke1 Rxh3 30. Rd1 Qc3+ 31. Kf1 Be6 32. Rc1 Qb2 33. f3 Nc3 34.
Qe3 Nxe2 35. Rxg7+ Kh8 36. Re7 Rh1+ 37. Kf2 Nf4+ 38. Kg3 Qh2# 0-1

[Event "C.to Cittadino La Lupa"]
[Site "Roma ITA"]
[Date "2011.05.16"]
[Round "3"]
[White "Dorascenzi, Angelo"]
[Black "Milani, Patrizia"]
[Result "1/2-1/2"]
[WhiteElo "1395"]
[BlackElo "1452"]
[PlyCount "119"]
[EventDate "2011.05.05"]

1. e4 d6 2. d4 g6 3. Nf3 Bg7 4. Nc3 Nd7 5. Bf4 e6 6. Be2 a6 7. O-O Ne7 8. e5 d5
9. Re1 Nb6 10. Qd2 Ng8 11. Bd3 Bd7 12. b3 Qc8 13. Qe3 h6 14. h4 Bc6 15. Re2 a5
16. a4 Ra7 17. Nb5 Ra8 18. Nc3 Ne7 19. Nh2 Kd7 20. Ng4 Qf8 21. Nf6+ Kc8 22. Bb5
Nf5 23. Qd3 Nxh4 24. Bxc6 bxc6 25. Bg3 Nf5 26. Nd1 Qd8 27. Qc3 Nxg3 28. Qxg3
Bxf6 29. exf6 Qxf6 30. Qc3 Kd7 31. Ne3 h5 32. g3 Qe7 33. Ng2 Rhf8 34. Rae1 g5
35. Ne3 f5 36. Qd3 Qb4 37. Ng2 Rf6 38. Qe3 Rg6 39. Qd3 Qf8 40. Re5 Rf6 41. Qe3
f4 42. gxf4 gxf4 43. Qh3 Qf7 44. Qxh5 Qxh5 45. Rxh5 f3 46. Rh7+ Kd6 47. Nh4
Rg8+ 48. Kf1 c5 49. dxc5+ Kxc5 50. Rxc7+ Kd6 51. Rc3 Rh6 52. Nxf3 Rh5 53. Nd4
Rh1+ 54. Ke2 Rxe1+ 55. Kxe1 Rc8 56. Rxc8 Nxc8 57. c4 dxc4 58. bxc4 Nb6 59. c5+
Kxc5 60. Nxe6+ 1/2-1/2

[Event "C.to Cittadino La Lupa"]
[Site "Roma ITA"]
[Date "2011.05.16"]
[Round "3"]
[White "Mastrantonio, Giuseppe"]
[Black "Bizzarro, Sofia"]
[Result "1-0"]
[WhiteElo "1705"]
[BlackElo "1384"]
[PlyCount "65"]
[EventDate "2011.05.05"]

1. e4 c5 2. c3 Nc6 3. d4 cxd4 4. cxd4 d5 5. exd5 Qxd5 6. Be3 Nf6 7. Nc3 Qd8 8.
Bb5 Bd7 9. Nf3 e6 10. O-O Bd6 11. Bg5 O-O 12. d5 Nb8 13. Bc4 Be7 14. d6 h6 15.
dxe7 Qxe7 16. Bh4 Rd8 17. Qe2 Nc6 18. Rad1 a6 19. Rd2 e5 20. Nd5 Qf8 21. Nxf6+
gxf6 22. Bxf6 Bg4 23. Bxd8 Rxd8 24. Rxd8 Qxd8 25. Qe4 Bh5 26. Nxe5 Nxe5 27.
Qxe5 Bg6 28. Qg3 b5 29. Qxg6+ Kh8 30. Bxf7 Qf8 31. Re1 h5 32. Re8 Qxe8 33. Qh6#
1-0

[Event "C.to Cittadino La Lupa"]
[Site "Roma ITA"]
[Date "2011.05.16"]
[Round "3"]
[White "Palocci, Claudio"]
[Black "Marelli, Emanuele"]
[Result "1-0"]
[WhiteElo "1637"]
[BlackElo "1610"]
[PlyCount "50"]
[EventDate "2011.05.05"]

1. e4 c5 2. Nf3 d6 3. d4 cxd4 4. Nxd4 Nf6 5. Nc3 g6 6. f3 Bg7 7. Be3 O-O 8. Qd2
Re8 9. O-O-O Bd7 10. Kb1 Nc6 11. g4 Nxd4 12. Bxd4 Bc6 13. g5 Nd7 14. Bxg7 Kxg7
15. f4 f5 16. Bg2 Nb6 17. h4 Kf7 18. exf5 Bxg2 19. fxg6+ hxg6 20. Qxg2 Nc4 21.
Qd5+ e6 22. Qxc4 Rc8 23. Qd4 Rc6 24. h5 Qb6 25. Qf6+ Kg8 1-0

[Event "C.to Cittadino La Lupa"]
[Site "Roma ITA"]
[Date "2011.05.16"]
[Round "3"]
[White "Ricci, Stefano"]
[Black "Quimi, Marco"]
[Result "0-1"]
[WhiteElo "1873"]
[BlackElo "2160"]
[PlyCount "69"]
[EventDate "2011.05.05"]

1. d4 Nf6 2. c4 c5 3. d5 b5 4. cxb5 a6 5. b6 Qxb6 6. Nc3 g6 7. e4 d6 8. Nf3 Bg7
9. Be2 O-O 10. O-O Nbd7 11. Kh1 Bb7 12. Nd2 Qc7 13. Nc4 Rad8 14. Bf4 Nb6 15.
Nxb6 Qxb6 16. Na4 Qb4 17. f3 Qa5 18. Rc1 Rc8 19. Qc2 Nd7 20. Bd2 Qd8 21. Bc3
Bh6 22. Bd2 Bxd2 23. Qxd2 f5 24. exf5 Rxf5 25. Bd3 Rf7 26. f4 Bxd5 27. Bxg6
hxg6 28. Qxd5 Kg7 29. Rce1 Nf6 30. Qe6 Qd7 31. Qe2 Qxa4 32. f5 gxf5 33. Rxf5
Rh8 34. Rg5+ Kf8 35. g3 0-1

[Event "C.to Cittadino La Lupa"]
[Site "Roma ITA"]
[Date "2011.05.16"]
[Round "3"]
[White "Romano, Marco Motraz"]
[Black "Pompa, Alessandro"]
[Result "1-0"]
[WhiteElo "1861"]
[BlackElo "2084"]
[PlyCount "79"]
[EventDate "2011.05.05"]

1. e4 e6 2. d4 d5 3. Nd2 Nc6 4. c3 Nf6 5. e5 Nd7 6. f4 a5 7. Ndf3 b6 8. Bd3 Ba6
9. Bxa6 Rxa6 10. Qd3 Qa8 11. Ne2 a4 12. O-O g6 13. Ng3 Na5 14. Be3 c5 15. Nd2
c4 16. Qe2 Be7 17. Kh1 O-O 18. Qg4 a3 19. b3 cxb3 20. axb3 Rc8 21. Rfc1 b5 22.
b4 Nc4 23. Nxc4 dxc4 24. f5 Qd5 25. f6 Bf8 26. h4 Nb8 27. h5 Nc6 28. hxg6 fxg6
29. Ne4 Nxb4 30. cxb4 Bxb4 31. f7+ Kxf7 32. Rf1+ Kg7 33. Qh4 Qb7 34. Bh6+ Kg8
35. Nc5 Bxc5 36. dxc5 b4 37. Qf6 Raa8 38. Qxe6+ Kh8 39. Rf7 Ra6 40. Qxc4 1-0

[Event "C.to Cittadino La Lupa"]
[Site "Roma ITA"]
[Date "2011.05.16"]
[Round "3"]
[White "Tosi, Francesco"]
[Black "Russo, Roberto"]
[Result "1-0"]
[WhiteElo "1889"]
[BlackElo "1858"]
[PlyCount "83"]
[EventDate "2011.05.05"]

1. Nf3 Nf6 2. c4 g6 3. b3 Bg7 4. Bb2 O-O 5. g3 c6 6. Bg2 d6 7. d4 e5 8. dxe5
Ng4 9. O-O Nxe5 10. Qc1 Nxf3+ 11. exf3 Qe7 12. Nc3 Be6 13. Re1 Nd7 14. Qd2 Nf6
15. Rad1 Rfd8 16. Nd5 cxd5 17. cxd5 Nxd5 18. Bxg7 Kxg7 19. Qxd5 Bxd5 20. Rxe7
Bc6 21. f4 Kf8 22. Rc7 d5 23. b4 a6 24. h4 Re8 25. Bxd5 Bxd5 26. Rxd5 Re7 27.
Rdd7 Rxd7 28. Rxd7 b5 29. Rb7 Kg7 30. Kg2 Kf6 31. Rb6+ Ke7 32. Kf3 Ra7 33. f5
a5 34. a3 axb4 35. axb4 Ra3+ 36. Kf4 gxf5 37. Rxb5 Rb3 38. Rb6 f6 39. b5 h5 40.
Kxf5 Rf3+ 41. Kg6 Rxf2 42. Kxh5 1-0

[Event "C.to Cittadino La Lupa"]
[Site "Roma ITA"]
[Date "2011.05.16"]
[Round "3"]
[White "Tulli, Cesare"]
[Black "Piperno, Renato"]
[Result "1-0"]
[WhiteElo "1476"]
[BlackElo "1374"]
[PlyCount "58"]
[EventDate "2011.05.05"]

1. d4 d5 2. Nf3 Nf6 3. Bf4 e6 4. h3 Bd6 5. Bd2 Nbd7 6. Nc3 a6 7. e3 Bb4 8. Bd3
h6 9. a3 Bd6 10. O-O c5 11. b3 cxd4 12. Nxd4 Nc5 13. b4 Nxd3 14. cxd3 Bd7 15.
Rc1 b5 16. Nb3 Rc8 17. d4 O-O 18. Nc5 Bxc5 19. dxc5 e5 20. Ne2 Ne4 21. Nc3 Nxc3
22. Bxc3 Re8 23. Qxd5 Be6 24. Qxe5 f6 25. Qg3 Bc4 26. Rfd1 Qc7 27. Rd6 Rcd8 28.
Rcd1 Bb3 29. Rxd8 Rxd8 1-0

[Event "C.to Cittadino La Lupa"]
[Site "Roma ITA"]
[Date "2011.05.16"]
[Round "3"]
[White "Vannelli, Vittorio"]
[Black "Sacco, Davide"]
[Result "0-1"]
[WhiteElo "1798"]
[BlackElo "1624"]
[PlyCount "46"]
[EventDate "2011.05.05"]

1. e4 c5 2. Nf3 e6 3. d4 cxd4 4. Nxd4 a6 5. Bd3 Qc7 6. O-O Nf6 7. Nc3 Be7 8. a4
O-O 9. a5 d6 10. f4 Nc6 11. Nxc6 bxc6 12. g4 g6 13. g5 Ne8 14. f5 exf5 15. exf5
Bxf5 16. Bxf5 gxf5 17. Rxf5 Ng7 18. Rf6 Bxf6 19. gxf6 Ne6 20. Qg4+ Kh8 21. Bh6
Rg8 22. Bg7+ Nxg7 23. fxg7+ Rxg7 0-1

[Event "C.to Cittadino La Lupa"]
[Site "Roma ITA"]
[Date "2011.05.19"]
[Round "4"]
[White "Andreozzi, Paolo"]
[Black "Condemi De Felice, Alfonso"]
[Result "1/2-1/2"]
[WhiteElo "1713"]
[BlackElo "1883"]
[PlyCount "70"]
[EventDate "2011.05.05"]

1. d4 g6 2. c4 Bg7 3. Nc3 Nc6 4. Nf3 d6 5. g3 Nf6 6. Bg2 O-O 7. O-O Nd7 8. a3
a5 9. Bg5 h6 10. Be3 e5 11. Qd2 Kh7 12. Nb5 exd4 13. Nbxd4 Nxd4 14. Bxd4 Ne5
15. Rac1 Nc6 16. Bc3 Bd7 17. Bxg7 Kxg7 18. Nd4 Nxd4 19. Qxd4+ Qf6 20. Rfd1 Qxd4
21. Rxd4 Rab8 22. c5 Bb5 23. cxd6 cxd6 24. Rxd6 Bxe2 25. Rd7 b5 26. Rcc7 Bc4
27. b4 axb4 28. axb4 Be6 29. Rd6 Rfc8 30. Rcc6 Rxc6 31. Rxc6 Rd8 32. Bf1 Rd1
33. Kg2 Bd5+ 34. f3 Bxf3+ 35. Kf2 Rb1 1/2-1/2

[Event "C.to Cittadino La Lupa"]
[Site "Roma ITA"]
[Date "2011.05.19"]
[Round "4"]
[White "Battistelli, Alessandro"]
[Black "Romano, Marco Motraz"]
[Result "1/2-1/2"]
[WhiteElo "1896"]
[BlackElo "1861"]
[PlyCount "44"]
[EventDate "2011.05.05"]

1. e4 e5 2. Nf3 Nc6 3. d4 exd4 4. Nxd4 Qf6 5. Be3 Bc5 6. c3 Nge7 7. Be2 d6 8.
O-O Bd7 9. Nxc6 Bxc6 10. Bxc5 dxc5 11. Bf3 Rd8 12. Qc2 O-O 13. Nd2 Ng6 14. Rfe1
Qg5 15. Re3 Rfe8 16. Rae1 Re6 17. Nc4 Nh4 18. Nd2 Rde8 19. Rd1 Rd6 20. Qc1 b5
21. Nf1 Red8 22. g3 f5 1/2-1/2

[Event "C.to Cittadino La Lupa"]
[Site "Roma ITA"]
[Date "2011.05.19"]
[Round "4"]
[White "Bizzarro, Sofia"]
[Black "Vannelli, Vittorio"]
[Result "0-1"]
[WhiteElo "1384"]
[BlackElo "1798"]
[PlyCount "90"]
[EventDate "2011.05.05"]

1. e4 e5 2. Nf3 Nf6 3. Nc3 Nc6 4. Bc4 Be7 5. d3 d6 6. h3 Be6 7. Bb3 d5 8. exd5
Nxd5 9. Nxd5 Bxd5 10. Bxd5 Qxd5 11. O-O O-O-O 12. Bd2 h5 13. Re1 Rhe8 14. Bc3
Bf8 15. d4 e4 16. Ne5 Nxd4 17. Qxd4 Qxd4 18. Bxd4 Rxd4 19. Nxf7 Rd2 20. Rad1
Rxd1 21. Rxd1 Bc5 22. Ng5 e3 23. fxe3 Bxe3+ 24. Kh1 Bxg5 25. Rd5 Bf4 26. Kg1
Bg3 27. Rd1 Re1+ 28. Rxe1 Bxe1 29. c4 Kd7 30. Kf1 Bg3 31. Ke2 Ke6 32. b3 Ke5
33. Ke3 Be1 34. Ke2 Bb4 35. Ke3 Bc5+ 36. Ke2 Kf4 37. a4 h4 38. Kf1 Ke3 39. Ke1
Kd3 40. Kd1 Kc3 41. Ke2 Kxb3 42. Kf3 Kxc4 43. Kg4 Be7 44. g3 hxg3 45. Kxg3 Kd4
0-1

[Event "C.to Cittadino La Lupa"]
[Site "Roma ITA"]
[Date "2011.05.19"]
[Round "4"]
[White "Cannavo', Giuseppe"]
[Black "Crucioli, Marco"]
[Result "0-1"]
[WhiteElo "1272"]
[BlackElo "1616"]
[PlyCount "64"]
[EventDate "2011.05.05"]

1. e4 e5 2. d3 Ne7 3. g3 Ng6 4. Nf3 d6 5. Nc3 c6 6. a3 Be7 7. Bg2 Bg4 8. Bd2
O-O 9. Qc1 Na6 10. a4 Nc7 11. Bg5 f6 12. Bd2 Ne6 13. Nh4 Nxh4 14. gxh4 f5 15.
Bg5 Nxg5 16. hxg5 Bxg5 17. Qb1 f4 18. f3 Bh4+ 19. Ke2 Be6 20. Rd1 Qb6 21. Rf1
d5 22. Qc1 Rf6 23. Nd1 dxe4 24. fxe4 Rg6 25. Bf3 Bh3 26. Rh1 Bg2 27. Bxg2 Rxg2+
28. Kf3 Rf2+ 29. Kg4 Rg2+ 30. Kxh4 c5 31. Kh3 Rg5 32. Ne3 Qh6# 0-1

[Event "C.to Cittadino La Lupa"]
[Site "Roma ITA"]
[Date "2011.05.19"]
[Round "4"]
[White "Casella, Carlo"]
[Black "Arceri, Paolo"]
[Result "1-0"]
[WhiteElo "1704"]
[BlackElo "1470"]
[PlyCount "75"]
[EventDate "2011.05.05"]

1. e4 e5 2. Nf3 Nc6 3. Bc4 Nf6 4. d3 Bc5 5. Bg5 d6 6. h3 h6 7. Bh4 g5 8. Bg3
Qe7 9. Nc3 a6 10. Nd5 Nxd5 11. Bxd5 Bd7 12. c3 O-O-O 13. Qe2 Rdf8 14. O-O-O f5
15. Nd2 f4 16. Bh2 h5 17. f3 Qg7 18. Bg1 Bxg1 19. Rhxg1 g4 20. Qf2 g3 21. Qe2
Ne7 22. Bc4 c6 23. b4 d5 24. Bb3 Kb8 25. Kb2 Rd8 26. c4 d4 27. c5 Ka7 28. Nc4
Rb8 29. Nb6 Nc8 30. Nxd7 Qxd7 31. Kc2 Qe7 32. Rc1 b6 33. a3 b5 34. Ra1 Qc7 35.
a4 Ne7 36. axb5 Rxb5 37. Ra4 Kb7 38. Bc4 1-0

[Event "C.to Cittadino La Lupa"]
[Site "Roma ITA"]
[Date "2011.05.19"]
[Round "4"]
[White "Castellano, Lorenzo"]
[Black "Mastrantonio, Giuseppe"]
[Result "1/2-1/2"]
[WhiteElo "1871"]
[BlackElo "1705"]
[PlyCount "113"]
[EventDate "2011.05.05"]

1. e4 e5 2. Nf3 Nc6 3. d4 f6 4. Bc4 d6 5. h3 f5 6. dxe5 fxe4 7. Ng5 Nxe5 8. Qd5
Nf6 9. Qd4 Nxc4 10. Qxc4 d5 11. Qd4 h6 12. Nc3 hxg5 13. Bxg5 Be7 14. O-O-O c6
15. f3 Bf5 16. Qe5 Bg6 17. fxe4 Bxe4 18. Rhe1 Qd6 19. Qd4 b6 20. Nxe4 Nxe4 21.
Rxe4 dxe4 22. Qxe4 O-O-O 23. Qf5+ Kb8 24. Rxd6 Bxg5+ 25. Qxg5 Rxd6 26. Qxg7
Rhd8 27. b3 a5 28. h4 b5 29. h5 R6d7 30. Qe5+ Kb7 31. g4 Kb6 32. h6 c5 33. g5
b4 34. Qe2 Rd5 35. g6 R5d6 36. Qh5 Rd5 37. Qxd5 Rxd5 38. g7 Rg5 39. h7 Rg1+ 40.
Kd2 Rg2+ 41. Ke3 Rxg7 42. h8=Q Rg3+ 43. Kf4 Rc3 44. Qh7 c4 45. Ke5 cxb3 46.
axb3 Rc5+ 47. Kd4 Rc3 48. Qg6+ Kb5 49. Qe8+ Kb6 50. Qd8+ Ka6 51. Qd6+ Ka7 52.
Qc5+ Rxc5 53. Kxc5 Ka6 54. Kc6 a4 55. bxa4 Ka5 56. Kc5 Kxa4 57. Kc4 1/2-1/2

[Event "C.to Cittadino La Lupa"]
[Site "Roma ITA"]
[Date "2011.05.19"]
[Round "4"]
[White "Prudenzano, Ruggero"]
[Black "Bolla, Vittorio"]
[Result "1-0"]
[WhiteElo "1928"]
[BlackElo "1771"]
[PlyCount "97"]
[EventDate "2011.05.05"]

1. Nf3 Nf6 2. c4 c5 3. e3 Nc6 4. Nc3 e6 5. Qc2 d5 6. d3 Be7 7. Be2 Nb4 8. Qb1
a6 9. a3 Nc6 10. O-O O-O 11. Qc2 Qc7 12. b3 d4 13. exd4 Nxd4 14. Nxd4 cxd4 15.
Nb1 Bd6 16. h3 b5 17. Bf3 Bb7 18. Bxb7 Qxb7 19. c5 Rac8 20. b4 Nd5 21. Qb2 Be5
22. Nd2 Nf4 23. Nf3 Nxh3+ 24. Kh1 Nf4 25. Bxf4 Bxf4 26. Qxd4 Qc7 27. Qe4 Rfd8
28. g3 Bh6 29. Kg2 Qc6 30. Rad1 Qd5 31. Rh1 Qxe4 32. dxe4 Kf8 33. Ne5 Ke7 34.
Rxd8 Kxd8 35. Nxf7+ Ke7 36. Nxh6 gxh6 37. Rxh6 Rh8 38. f4 Kf7 39. Kf3 Rd8 40.
Ke3 Rd1 41. Rxh7+ Kg6 42. Ra7 Re1+ 43. Kd4 Rd1+ 44. Ke5 Rd3 45. Rxa6 Rxg3 46.
Kxe6 Kg7 47. f5 Rh3 48. f6+ Kh8 49. c6 1-0

[Event "C.to Cittadino La Lupa"]
[Site "Roma ITA"]
[Date "2011.05.19"]
[Round "4"]
[White "Quimi, Marco"]
[Black "Tosi, Francesco"]
[Result "1-0"]
[WhiteElo "2160"]
[BlackElo "1889"]
[PlyCount "80"]
[EventDate "2011.05.05"]

1. d4 Nf6 2. Nf3 g6 3. Bf4 Bg7 4. Nbd2 d5 5. e3 Nbd7 6. h3 c5 7. c3 Qb6 8. Qb3
c4 9. Qxb6 axb6 10. Be2 b5 11. O-O O-O 12. b3 Re8 13. Rfb1 Nh5 14. Bh2 e5 15.
Nxe5 Nxe5 16. Bxe5 Bxe5 17. dxe5 Rxe5 18. Nf3 Re7 19. Nd4 Ra5 20. b4 Ra6 21.
Bxh5 gxh5 22. Nxb5 Rg6 23. Kh2 Bf5 24. Rd1 Be4 25. Rg1 f5 26. Nd4 Bd3 27. g3
Ra6 28. a4 b6 29. Ra3 Rea7 30. Rga1 Ra8 31. a5 Kf7 32. axb6 Rxa3 33. Rxa3 Rxa3
34. b7 Be4 35. b8=Q Ra1 36. Qc7+ Kg6 37. g4 hxg4 38. Qb6+ Kf7 39. Qe6+ Kf8 40.
hxg4 fxg4 1-0

[Event "C.to Cittadino La Lupa"]
[Site "Roma ITA"]
[Date "2011.05.19"]
[Round "4"]
[White "Russo, Roberto"]
[Black "Ricci, Stefano"]
[Result "1-0"]
[WhiteElo "1858"]
[BlackElo "1873"]
[PlyCount "54"]
[EventDate "2011.05.05"]

1. e4 e5 2. d4 exd4 3. Qxd4 Nc6 4. Qa4 b6 5. Nc3 Bb4 6. Bd2 Nf6 7. O-O-O O-O 8.
Bd3 Ng4 9. Nh3 Nge5 10. Bb5 a5 11. f4 Ng4 12. Bxc6 dxc6 13. Qxc6 Bd7 14. Qc4 c6
15. Qe2 Qe7 16. Nf2 Nxf2 17. Qxf2 a4 18. e5 f6 19. Ne4 fxe5 20. Bxb4 Qxb4 21.
Rxd7 Qxe4 22. Re1 Qf5 23. Qd2 exf4 24. Ree7 g5 25. Qd4 Rf6 26. Rg7+ Kh8 27.
Rgf7 Rf8 1-0

[Event "C.to Cittadino La Lupa"]
[Site "Roma ITA"]
[Date "2011.05.19"]
[Round "4"]
[White "Sacco, Davide"]
[Black "Tulli, Cesare"]
[Result "1-0"]
[WhiteElo "1624"]
[BlackElo "1476"]
[PlyCount "171"]
[EventDate "2011.05.05"]

1. d4 d5 2. c4 dxc4 3. Qa4+ c6 4. Qxc4 Nf6 5. Nf3 Bf5 6. g3 h6 7. Bg2 e6 8. O-O
Be7 9. Nc3 O-O 10. a3 Nbd7 11. Nh4 Bh7 12. Qb3 Qb6 13. Qa4 Nd5 14. Nxd5 cxd5
15. Qxd7 Bxh4 16. gxh4 Qxd4 17. Qd6 Qxh4 18. Qg3 Qf6 19. Bf4 Bg6 20. Be5 Qd8
21. b4 a6 22. Rac1 Rc8 23. Rxc8 Qxc8 24. Qc3 Qxc3 25. Bxc3 Rc8 26. Rc1 b5 27.
Bb2 Rxc1+ 28. Bxc1 Kf8 29. f3 Ke7 30. Kf2 Kd6 31. e4 d4 32. Ke2 e5 33. f4 f6
34. f5 Be8 35. Kd3 Bc6 36. Kc2 Bb7 37. a4 Bc6 38. a5 Bb7 39. Kd3 Bc6 40. Bf3
Be8 41. Bd1 Bf7 42. Ke2 Bh5+ 43. Ke1 Be8 44. Kf2 Bc6 45. Bf3 Be8 46. Kg3 Ke7
47. Kh4 Bf7 48. Bh5 Bc4 49. Bf3 Bf7 50. Kg3 Kd6 51. Kh4 Ke7 52. Bh5 Bc4 53. Kg3
Bg8 54. h4 Bc4 55. Kf2 Bg8 56. Ke2 Bc4+ 57. Kd2 Bb3 58. Be2 Bf7 59. Bd1 Kd6 60.
Kc2 Be8 61. Kb2 Bc6 62. Bc2 Bb7 63. Bd3 Bc6 64. Kc2 Bb7 65. Bb2 Bc6 66. Kd2 Bb7
67. Bc2 Bc6 68. Kd3 Bb7 69. Bb3 Bc6 70. Be6 Bb7 71. Bxd4 exd4 72. Kxd4 Kc7 73.
Bd5 Bc8 74. Kc5 Bd7 75. Ba8 Be8 76. Bd5 Bd7 77. Bf7 Bc6 78. Bd5 Bd7 79. Kd4 Bc6
80. e5 fxe5+ 81. Kxe5 Bxd5 82. Kxd5 Kd7 83. Kc5 Kc7 84. h5 Kb8 85. Kb6 Kc8 86.
Kxa6 1-0

[Event "C.to Cittadino La Lupa"]
[Site "Roma ITA"]
[Date "2011.05.19"]
[Round "4"]
[White "Sinibaldi, Francesco"]
[Black "Dorascenzi, Angelo"]
[Result "1/2-1/2"]
[WhiteElo "1404"]
[BlackElo "1395"]
[PlyCount "69"]
[EventDate "2011.05.05"]

1. c4 e5 2. Nc3 g6 3. g3 Bg7 4. Bg2 Ne7 5. a3 O-O 6. e3 Nbc6 7. Nge2 d6 8. O-O
Rb8 9. b4 a6 10. e4 Be6 11. d3 Na7 12. Bg5 Qd7 13. Be3 Nec8 14. Rc1 c6 15. Na4
Qd8 16. Kh1 b5 17. Nb2 Ra8 18. Ng1 Qd7 19. h3 Ne7 20. g4 h6 21. Qd2 Kh7 22. c5
d5 23. Rcd1 d4 24. f4 dxe3 25. Qxe3 Qd4 26. Qxd4 exd4 27. e5 f5 28. a4 fxg4 29.
Rde1 Nf5 30. Ne2 Ne3 31. Rg1 gxh3 32. Be4 Bf5 33. Nxd4 Bxe5 34. fxe5 Bxe4+ 35.
Kh2 1/2-1/2

[Event "C.to Cittadino La Lupa"]
[Site "Roma ITA"]
[Date "2011.05.19"]
[Round "4"]
[White "Zarfati, Daniele"]
[Black "Capparelli, Stefano"]
[Result "0-1"]
[WhiteElo "1600"]
[BlackElo "1614"]
[PlyCount "60"]
[EventDate "2011.05.05"]

1. c4 d6 2. Nc3 Nf6 3. Nf3 g6 4. g3 Bg7 5. Bg2 O-O 6. O-O Nbd7 7. d4 Re8 8. e4
e5 9. d5 Nb6 10. Qd3 Qe7 11. b4 c6 12. Ba3 cxd5 13. exd5 e4 14. Nxe4 Nxe4 15.
Rae1 f5 16. c5 Na4 17. Nd4 Qf6 18. Nb5 Re7 19. f3 a6 20. Nxd6 Nxd6 21. cxd6
Qxd6 22. Kh1 Rxe1 23. Rxe1 b5 24. Rc1 Bb7 25. f4 Rd8 26. Qb3 Bxd5 27. Bxd5+
Qxd5+ 28. Qxd5+ Rxd5 29. Rc8+ Bf8 30. Bc1 Nb6 0-1

[Event "C.to Cittadino La Lupa"]
[Site "Roma ITA"]
[Date "2011.05.27"]
[Round "5"]
[White "Arceri, Paolo"]
[Black "Marelli, Emanuele"]
[Result "1-0"]
[WhiteElo "1470"]
[BlackElo "1610"]
[PlyCount "66"]
[EventDate "2011.05.05"]

1. e4 c5 2. Nf3 d6 3. d4 cxd4 4. Nxd4 Nf6 5. Nc3 a6 6. Be2 e6 7. Be3 Be7 8. Qd2
Qc7 9. f3 O-O 10. g4 Nc6 11. O-O-O b5 12. h4 Nxd4 13. Bxd4 e5 14. Be3 Bb7 15.
h5 Nd7 16. Kb1 Nb6 17. Bxb6 Qxb6 18. g5 f5 19. Nd5 Bxd5 20. Qxd5+ Kh8 21. exf5
Bxg5 22. Rhg1 h6 23. Bd3 Rad8 24. Be4 Bf6 25. Rg6 Qc7 26. Rdg1 Bg5 27. R6xg5
hxg5 28. h6 Rf7 29. hxg7+ Rxg7 30. Qe6 Qc4 31. Rh1+ Rh7 32. Qf6+ Kg8 33. Qg6+
Kf8 1-0

[Event "C.to Cittadino La Lupa"]
[Site "Roma ITA"]
[Date "2011.05.27"]
[Round "5"]
[White "Bizzarro, Sofia"]
[Black "Cannavo', Giuseppe"]
[Result "1-0"]
[WhiteElo "1384"]
[BlackElo "1272"]
[PlyCount "99"]
[EventDate "2011.05.05"]

1. e4 Nc6 2. d4 d5 3. Bb5 e5 4. dxe5 Bd7 5. exd5 Nxe5 6. Bxd7+ Qxd7 7. Nf3 Bd6
8. O-O Ne7 9. Re1 N7g6 10. Nxe5 Nxe5 11. f4 f6 12. fxe5 Bxe5 13. Bf4 Qd6 14.
Bxe5 fxe5 15. Qh5+ Kd7 16. Qf7+ Qe7 17. Qxe7+ Kxe7 18. Rxe5+ Kd6 19. Re4 Kxd5
20. Nc3+ Kc6 21. Rd1 Rhe8 22. Rxe8 Rxe8 23. g4 h6 24. Kg2 Re3 25. h4 g6 26. Rd3
Re5 27. Rf3 h5 28. Rf6+ Kd7 29. Rxg6 hxg4 30. Rxg4 Ke6 31. Kf3 Rh5 32. Kg3 Re5
33. Rg6+ Kf7 34. Rg5 Re3+ 35. Kf4 Re6 36. h5 Re1 37. h6 Rh1 38. Rg7+ Kf6 39.
Nd5+ Ke6 40. Nxc7+ Kf6 41. Ne8+ Ke6 42. Kg5 Rg1+ 43. Kh5 Rh1+ 44. Kg5 Rg1+ 45.
Kf4 Rf1+ 46. Kg3 Rf8 47. h7 Rh8 48. Kg4 Rxe8 49. Rg8 Kf7 50. Rxe8 1-0

[Event "C.to Cittadino La Lupa"]
[Site "Roma ITA"]
[Date "2011.05.27"]
[Round "5"]
[White "Bolla, Vittorio"]
[Black "Nazzarri, Errico"]
[Result "1-0"]
[WhiteElo "1771"]
[BlackElo "1329"]
[PlyCount "74"]
[EventDate "2011.05.05"]

1. e4 e5 2. Nf3 Nf6 3. Nxe5 d6 4. Nf3 Nxe4 5. Nc3 Nf6 6. d4 Be7 7. Be2 O-O 8.
O-O d5 9. Bg5 Nbd7 10. Re1 c5 11. dxc5 Nxc5 12. h3 Be6 13. Nd4 Rc8 14. Bf3 Qd7
15. Qe2 Rfe8 16. Rad1 Nfe4 17. Nxe6 Bxg5 18. Bxe4 fxe6 19. Bf3 Kh8 20. Bg4 Qc6
21. Kh1 Bf6 22. Qf3 d4 23. Ne4 Nxe4 24. Qxe4 Qxe4 25. Rxe4 Rxc2 26. Bxe6 Rd8
27. Rde1 g6 28. Rf4 Kg7 29. b4 Rc6 30. Bb3 b6 31. g3 Bg5 32. Rf7+ Kh6 33. f4 d3
34. fxg5+ Kh5 35. h4 Kg4 36. Be6+ Kxg3 37. Rg1+ Kxh4 1-0